000 00823nam a2200277 a 4500
001 000017248
003 DO-SdBNP
005 20250127130442.0
007 ta
008 100322s1949 dr 000 j spa d
040 _aDO-SdBNP
_bspa
_cBNPHU
_erda
041 _hspa
082 _aRD863.44
_bL129m
_222
100 1 _aLacay Polanco, Ramón,
_d1918-1986
_eautor
_923155
245 1 3 _aLa mujer de agua /
_cRamón Lacay Polanco.
264 _aSanto Domingo :
_bDominicana,
_c1949.
300 _a79 páginas ;
_c20 cm.
336 _ardacontent
_btexto
_2txt
337 _ardamedia
_bsin mediación
_2n
338 _ardacarrier
_bvolumen
_2nc
590 _aInventariado, 2025/DG
650 4 _aNovela dominicana
_9223
650 0 _aLiteratura dominicana.
_967
910 _aValidado. Control de calidad MFF
942 _2ddc
_cLBS1
999 _c16773
_d16773